000 004450000a22001810004500
003 MACL
005 20151230144302.0
008 151230b xxu||||| |||| 00| 0 eng d
040 _aMACL
_cMACL
041 _aEnglish
082 _a320.954/TEW
100 _aTewari, V N
_924954
245 _a12 Willingdon Crescent
260 _bAjanta Publication
_c1979
350 _a40
650 _aPolitical Science
_924955
942 _cBK
_k320.954/Tew
_2ddc
999 _c33845
_d33845